000 01117naa a22003017a 4500
001 BR8205060
003 BR-BrBNA
005 20250721143211.0
007 ta
008 250630b bl.|||m| |||| 00| 0 por d
040 _aBR-BrBNA
_bpor
_cBiblioteca Nacional de Agricultura
041 _a(Pt)
072 _aF60
_b1540
_b3820
_bG514
090 _aF60 BR8205060
100 1 _aCorrea, E.R.
100 1 _aEzeta, F.N.
100 1 _aGomes, J. de C.
245 1 _aEstimativa da absorcao de nitrogenio pela mandioca (Manihot esculenta Crantz)nos tabuleiros do nordeste do Brasil [bioquimica vegetal]
_bParte de tese
500 _aIndicadores da conjuntura sergipana. 1982 Aracaju, SE (Brasil): 1982. p. 119-125 [2 tables; Summaries (En, Pt)] (BR8205060-AMS)
773 0 _tIndicadores da conjuntura sergipana. 1982
_wF60 BR8205060
_gAracaju, SE (Brasil), 1982. p. 119-125
650 _aBIOQUIMICA VEGETAL
650 _aMANDIOCA
650 _aNITROGENIO
650 _aABSORCAO
490 _aIndicadores da Conjuntura Sergipana (Brazil)
_vv. 6(2)
942 _cAMS
_2AGRIS
909 _a202506
_bLúcia
_c55
_dLúcia Elande
999 _c334308
_d334308